Statistics for Biggest Cities Starting with 'S'

Click here to take the quiz!

General Stats

  • This quiz has been taken 128 times
  • The average score is 11 of 15

Answer Stats

PopulationCountryCity% Correct
24,800,000South KoreaSeoul
99%
33,600,000ChinaShanghai
97%
5,300,000AustraliaSydney
97%
22,400,000BrazilSao Paulo
96%
7,900,000SingaporeSingapore
96%
7,850,000United StatesSan Francisco
92%
5,650,000RussiaSaint Petersburg
90%
7,250,000ChileSantiago
78%
4,425,000United StatesSeattle
75%
6,100,000IndonesiaSurabaya
56%
3,600,000BrazilSalvador
51%
6,600,000IndiaSurat
45%
8,000,000ChinaShenyang
38%
7,650,000ChinaShantou
34%
4,625,000ChinaShijiazhuang
23%

Score Distribution

Percentile by Number Answered

Percent of People with Each Score

Your Score History

You have not taken this quiz